COOPESALUD R.L : diagnóstico y desarrollo del sistema de control de calidad del servicio de atención médica

Uloženo v:
Podrobná bibliografie
Hlavní autor: Monge Zeledón, Alexander
Další autoři: Vincenti Salazar, Sergio
Médium: Kniha
Vydáno: [San José , Costa Rica] 1995
Témata:
Tagy: Přidat tag
Žádné tagy, Buďte první, kdo vytvoří štítek k tomuto záznamu!

MARC

LEADER 00000nam a2200000Ia 4500
003 007663
005 20221231144254.0
008 140114s1995 cr a m 000 ||s d
040 |c cru CEDI 
090 |a TFG 3273 
100 |a Monge Zeledón, Alexander  |9 10757 
245 |a COOPESALUD R.L : diagnóstico y desarrollo del sistema de control de calidad del servicio de atención médica  
260 |c 1995  |a [San José , Costa Rica] 
300 |a x, [299] hojas : ilustraciones.  
500 |a  Proyecto de graduacion (licenciatura en ingenieria industrial)--Universidad de Costa Rica. Facultad de Ingeniería. Escuela de Ingenieria Industrial 
650 |x COOPERATIVA AUTOGESTIONARIA DE SERVICIOS DE SALUD (COSTA RICA)   |x CONTROL DE CALIDAD  |9 10759 
700 |9 10758  |a Vincenti Salazar, Sergio 
942 |c TFG 
999 |c 19404  |d 19404